People of the passion / (Record no. 118397)
[ view plain ]
| 000 -LEADER | |
|---|---|
| fixed length control field | 00728nam a22002655a 4500 |
| 001 - CONTROL NUMBER | |
| control field | 13354056 |
| 003 - CONTROL NUMBER IDENTIFIER | |
| control field | ARRUPE |
| 005 - DATE AND TIME OF LATEST TRANSACTION | |
| control field | 20131023114522.0 |
| 008 - FIXED-LENGTH DATA ELEMENTS--GENERAL INFORMATION | |
| fixed length control field | 030926s2004 ctu 000 0 eng |
| 010 ## - LIBRARY OF CONGRESS CONTROL NUMBER | |
| LC control number | 2003113379 |
| 020 ## - INTERNATIONAL STANDARD BOOK NUMBER | |
| International Standard Book Number | 1585953148 |
| 035 ## - SYSTEM CONTROL NUMBER | |
| System control number | (DLC) 2003113379 |
| 040 ## - CATALOGING SOURCE | |
| Original cataloging agency | DLC |
| Transcribing agency | DLC |
| 042 ## - AUTHENTICATION CODE | |
| Authentication code | pcc |
| 050 ## - LIBRARY OF CONGRESS CALL NUMBER | |
| Classification number | BT431 |
| Item number | .B614 2004 |
| 300 ## - PHYSICAL DESCRIPTION | |
| Dimensions | 23cm. |
| 100 1# - MAIN ENTRY--PERSONAL NAME | |
| Personal name | Binz, Stephen J. |
| 9 (RLIN) | 2733 |
| 245 10 - TITLE STATEMENT | |
| Title | People of the passion / |
| Statement of responsibility, etc | Stephen J. Binz. |
| 260 ## - PUBLICATION, DISTRIBUTION, ETC. (IMPRINT) | |
| Place of publication, distribution, etc | Mystic, CT : |
| Name of publisher, distributor, etc | Twenty-Third Publications, |
| Date of publication, distribution, etc | 2004. |
| 263 ## - PROJECTED PUBLICATION DATE | |
| Projected publication date | 0401 |
| 300 ## - PHYSICAL DESCRIPTION | |
| Extent | x, 104p.; |
| 440 ## - SERIES STATEMENT/ADDED ENTRY--TITLE | |
| Title | Threshold bible study |
| 9 (RLIN) | 2734 |
| 906 ## - LOCAL DATA ELEMENT F, LDF (RLIN) | |
| a | 0 |
| b | ibc |
| c | orignew |
| d | 2 |
| e | epcn |
| f | 20 |
| g | y-gencatlg |
| 942 ## - ADDED ENTRY ELEMENTS (KOHA) | |
| Source of classification or shelving scheme | Library of Congress Classification |
| Koha item type | Monograph ( Printed materials) |
| Withdrawn status | Lost status | Source of classification or shelving scheme | Damaged status | Not for loan | Collection code | Home library | Current library | Shelving location | Date acquired | Total Checkouts | Full call number | Barcode | Date last seen | Date checked out | Price effective from | Koha item type |
|---|---|---|---|---|---|---|---|---|---|---|---|---|---|---|---|---|
| Library of Congress Classification | Main Collection | ARRUPE LIBRARY | ARRUPE LIBRARY | Main Collection | 23/10/2013 | 1 | BT431 .B614 2004 | 46410736 | 15/01/2024 | 14/12/2023 | 23/10/2013 | Monograph ( Printed materials) |